000 00471pab a2200169 454500
008 180718b1997 xxu||||| |||| 00| 0 eng d
100 _aMukhopadhyay, Hiranya
245 _aHas credit crunch led to industrial stagnation: a disequilibrium approach
260 _c1997
300 _ap.964-67
362 _a3 May
650 _aCredit
650 _aOccupational diseases
650 _aIndustrial development
773 _aEconomic and Political Weekly
909 _a34187
999 _c34187
_d34187